| 000 | 01003naa a22002777a 4500 | ||
|---|---|---|---|
| 001 | BR9505778 | ||
| 003 | BR-BrBNA | ||
| 005 | 20240918181400.0 | ||
| 007 | ta | ||
| 008 | 230509b bl.||||| |||| 00| 0 por d | ||
| 040 |
_aBR-BrBNA _bpor _cBiblioteca Nacional de Agricultura |
||
| 041 | _a(Pt) | ||
| 072 |
_aH50 _b0120 |
||
| 090 | _aH50 BR9505778 | ||
| 100 | 1 | _aMundstack, C.M. | |
| 111 | 1 |
_a3. Seminario sobre a Cultura do Milho "safrinha" _cAssis, SP (Brazil) _d9-10 Feb 1995 |
|
| 245 | 1 | _aAspectos fisiologicos da tolerancia do milho ao frio | |
| 260 | 3 |
_aSao Paulo, SP (Brasil): _c1995. |
|
| 500 | _a3. Seminario sobre a cultura do milho "safrinha". Resumos Sao Paulo, SP (Brasil): 1995. p. 45-58 (BR9505778-AM)H50 | ||
| 650 | _aMilho | ||
| 650 | _aFrio | ||
| 650 | _aResistencia a Temperatura | ||
| 773 | 0 |
_t3. Seminario sobre a cultura do milho "safrinha". Resumos _wH50 BR9505778 _gSao Paulo, SP (Brasil), 1995. p. 45-58 |
|
| 909 |
_a202404 _bLucia _c55 _dLucia Elande |
||
| 942 |
_cAM _2AGRIS |
||
| 999 |
_c325036 _d325036 |
||